| 000 | 00546nam a22002057a 4500 | ||
|---|---|---|---|
| 001 | 000335 | ||
| 003 | DO-SdBNP | ||
| 005 | 20160629101326.0 | ||
| 007 | 000335 | ||
| 008 | 160629b 1998 nyu xxu||||| |||| 00| 0 spa d | ||
| 020 | _a0590551051 | ||
| 040 |
_aBPMSU _bspa _cBPMSU |
||
| 092 |
_axxxxxx _bxxxxxx |
||
| 100 | 1 | _aFranklin, Kristine L. | |
| 245 | 1 | 0 |
_aLone wolf / _cKristine L. Franklin. |
| 260 |
_aNew York : _bScholastic, _c1998. |
||
| 300 |
_a220 p. ; _c20 cm. |
||
| 942 |
_2ddc _cBK |
||
| 956 |
_2LOPEREZ _310 _620160629 _8BPMSU _a00041 |
||
| 999 |
_c10624 _d10624 |
||